| 000 | 00943nam0a22002531 4500 | ||
|---|---|---|---|
| 001 | v19\rc\1726392 | ||
| 005 | 20260406110456.0 | ||
| 035 | _a(NLR Aleph) 004822750 | ||
| 090 |
_a5033176 _c5033176 |
||
| 100 | _a20061002d1901 |||y0rusy50 ca | ||
| 101 | 0 | _arus | |
| 102 | _aRU | ||
| 105 | _ay z ||||| | ||
| 200 | 1 |
_aСвятая равноапостольная Нина просветительница Грузии христианскою верою _fСост. И.К. Кондратьев |
|
| 210 |
_aМосква _cИ.А. Морозов _d1901 |
||
| 215 | _a32 с. | ||
| 700 | 1 |
_4220 _8rus _7ca _aКондратьев _bИ. К. _f1849-1904 _gИван Кузьмич _3RU\NLR\auth\77109670 _992595 |
|
| 702 | 0 |
_4570 _8rus _7ca _aНина _cсвятая _f276-340 _3RU\NLR\AUTH\779292 _9119129 |
|
| 801 | 0 |
_aRU _bNLR _gpsbo |
|
| 801 | 0 |
_aRU _bRuMoRGB _2psbo |
|
| 801 | 1 |
_aRU _bProSoft-M _2rusmarc |
|
| 852 |
_aNLR _j18.334.2.290 |
||
| 942 | _cBOOK | ||
| 980 | _aNB | ||